000 01347cam a2200325 a 4500
999 _c41465
_d41465
001 15090680
003 OSt
005 20220524141102.0
008 071123s2009 at a b 001 0 eng
010 _a 2007941973
020 _a9780495506294
020 _a049550629X
040 _aDLC
_cDLC
_dDLC
050 0 0 _aBF201
_b.S74 2009
082 0 4 _a153
_221
_bSTE/C
100 1 _aSternberg, Robert J.
_99022
245 1 0 _aCognitive psychology /
_cRobert J. Sternberg, with the contributions of Jeff Mio..
250 _a5th Ed.
260 _aAustralia ;
_aBelmont, CA :
_bCengage Learning/Wadsworth,
_cc2009.
300 _axxviii, 657 p. :
_bill. ;
_c24 cm.
504 _aIncludes bibliographical references (p. 585-640) and indexes.
650 0 _aCognitive psychology
_vTextbooks.
700 1 _aMio, Jeffery Scott,
_d1954-
_99023
856 4 2 _3Publisher description
_uhttp://www.loc.gov/catdir/enhancements/fy1215/2007941973-d.html
856 4 1 _3Table of contents only
_uhttp://www.loc.gov/catdir/enhancements/fy1215/2007941973-t.html
856 4 2 _3Contributor biographical information
_uhttp://www.loc.gov/catdir/enhancements/fy1513/2007941973-b.html
906 _a7
_bcbc
_corignew
_d2
_eepcn
_f20
_gy-gencatlg
942 _2ddc
_cBK
_h153
_iSTE/C
_k153
_mSTE/C